No envejecemos igual: la religiosidad y el género en adultos mayores del noreste de México = Age does not equal : religion and gender in older adults of the northeast of Mexico /
Guardado en:
| Autor principal: | |
|---|---|
| Otros Autores: | |
| Formato: | Texto |
| Etiquetas: |
Agregar Etiqueta
Sin Etiquetas, Sea el primero en etiquetar este registro!
|
MARC
| LEADER | 00000 a a2200000 04500 | ||
|---|---|---|---|
| 001 | 47332 | ||
| 003 | |||
| 040 | |||
| 100 | |a Acevedo Alemán, Jesús | ||
| 245 | |a No envejecemos igual: la religiosidad y el género en adultos mayores del noreste de México = |b Age does not equal : religion and gender in older adults of the northeast of Mexico / |c Jesús Acevedo Alemán, José González Tovar | ||
| 700 | |a González Tovar, José | ||
| 773 | |g volumen93, número1, (2014), páginas 133-144 : tablas | ||
| 999 | |c 34053 |d 34053 | ||
